000 00433nam a2200133 a 4500
001 000038178
005 20201002031204.0
008 130320s2002 dr 000 0 spa d
040 _aDO-SdBNP
_bspa
_cBNPHU
100 1 _aHorguín, Demetrio
_964547
245 1 0 _aManual del control financiero municipal /
_cDemetrio Horguín, Máximo Pimentel.
260 _aSanto Domingo :
_bGráfica William,
_c2002.
700 1 _aMáximo, Pimentel
_964548
999 _c37668
_d37668